100 Biggest Cities of Côte d'Ivoire (Ivory Coast) on a Map - Statistics

General Stats
  • This quiz has been taken 30 times
  • The average score is 17 of 100
Answers on the Map
Answers color-coded by a green-red scale on the quiz's map according to % correct below.
 
Answer Stats
Population City % Correct
4,395,243 Abidjan
100%
212,670 Yamoussoukro
82%
536,719 Bouaké
45%
164,944 San-Pédro
45%
245,360 Daloa
36%
243,048 Korhogo
36%
149,041 Man
36%
105,397 Divo
27%
160,465 Gagnoa
27%
100,910 Abengourou
23%
26,608 Sassandra
23%
45,688 Aboisso
18%
19,055 Adiaké
18%
58,722 Adzopé
18%
50,873 Agboville
18%
48,611 Agnibilékrou
18%
26,668 Akoupé
18%
25,526 Béoumi
18%
17,922 Biankouma
18%
88,783 Bondoukou
18%
92,523 Bonon
18%
38,135 Bonoua
18%
80,389 Bouaflé
18%
18,755 Bouna
18%
39,962 Boundiali
18%
61,942 Dabou
18%
60,645 Danané
18%
44,342 Daoukro
18%
33,523 Diégonéfla
18%
48,860 Dimbokro
18%
90,274 Duékoué
18%
19,161 Gonaté
18%
74,671 Grand-Bassam
18%
52,544 Guiglo
18%
31,960 Hiré
18%
52,660 Issia
18%
24,976 Lakota
18%
27,112 N'Douci
18%
42,173 Odienné
18%
37,991 Ouangolodougou
18%
45,210 Oumé
18%
46,189 Séguéla
18%
80,658 Sinfra
18%
101,196 Soubré
18%
22,733 Tabou
18%
27,659 Tanda
18%
20,057 Tiassalé
18%
18,832 Tiébissou
18%
22,361 Touba
18%
43,189 Toumodi
18%
67,096 Vavoua
18%
48,863 Zagné
18%
19,448 Zou
18%
34,018 Zuénoula
18%
21,777 Afféry
14%
21,533 Ahouanou
14%
103,297 Anyama
14%
24,122 Arrah
14%
64,015 Bingerville
14%
28,064 Bongouanou
14%
55,910 Ferkessédougou
14%
22,219 Gbapleu
14%
28,470 Grand-Lahou
14%
18,029 Guibéroua
14%
20,167 Kaouara
14%
40,319 Katiola
14%
22,242 M'Bengué
14%
19,116 Niellé
14%
18,386 Oupoyo
14%
20,086 Yabayo
14%
22,872 Zouan-Hounien
14%
24,103 Ancien-Prozi
9%
32,262 Bloléquin
9%
23,467 Bonoufla
9%
25,339 Buyo
9%
20,216 Diawala
9%
30,605 Djapadji
9%
24,979 Gligbeuadji
9%
27,225 Goya
9%
23,310 Kononfla
9%
19,643 Luénoufla
9%
18,300 M'Batto
9%
57,367 Méagui
9%
17,594 Para
9%
26,892 Saïoua
9%
40,323 Tengréla
9%
20,867 Zaliohouan
9%
25,573 Balokuya
5%
18,202 Belleville
5%
21,237 Boboniessoko
5%
21,333 Dagadji
5%
25,880 Dianra
5%
28,670 Fengolo
5%
21,879 Gnatroa
5%
24,166 Grand-Zattry
5%
20,143 Guépahouo
5%
18,067 Guinglo-Tahouaké
5%
25,450 Kahin-Zarabaon
5%
17,909 Mabéhiri 1
5%
20,769 Watté
0%
No matching quizzes found
Score Distribution
Percent of People with Each Score
Percentile by Number Answered
Your Score History
You have not taken this quiz